《月老营业中》终章典藏全三册 (Record no. 322479)

000 -LEADER
fixed length control field 00442 a2200145 4500
020 ## - ISBN
ISBN 4711528700742
082 ## - 索书号 Call Number
分类号Classification number 857.7
作者号 Author number 7660.9 v.01-v.03
100 ## - 作者
作者 怀疑论者的通灵观察 原创;張名秀 小说改编
245 ## - 书名 TITLE
书名Title 《月老营业中》终章典藏全三册
250 ## - 版本 EDITION STATEMENT
版本叙述 Edition statement 初版;平装
260 ## - 出版项PUBLICATION, DISTRIBUTION, ETC. (IMPRINT)
出版社 Name of publisher 三采文化股份有限公司
出版日期 Date of publication 2024
出版地 Place of publication 台北市
300 ## - 稽核项 PHYSICAL DESCRIPTION
页数 Number of Pages 291;315;307页
尺寸 Dimensions 21公分
500 ## - 一般附注 GENERAL NOTE
附注 General note
942 ## - ADDED ENTRY ELEMENTS (KOHA)
Koha item type Books
Holdings
Source of classification or shelving scheme Not for loan Permanent Location Current Location Shelving location Date acquired Source of acquisition Cost, normal purchase price 部册号Serial Enumeration / chronology Full call number Barcode Cost, replacement price Koha item type
    LIBRARY CHUNG HWA HIGH SCHOOL MUAR LIBRARY CHUNG HWA HIGH SCHOOL MUAR 一楼中文小说区 1st Floor Chinese Fiction Area 2026-02-06 205.40 月老营业中 1:灵魂功课 857.7 7660.9 v.01 050025 410.80 Books
    LIBRARY CHUNG HWA HIGH SCHOOL MUAR LIBRARY CHUNG HWA HIGH SCHOOL MUAR 一楼中文小说区 1st Floor Chinese Fiction Area 2026-02-06 205.40 月老营业中 2:冥冥祈愿 857.7 7660.9 v.02 050026 410.80 Books
    LIBRARY CHUNG HWA HIGH SCHOOL MUAR LIBRARY CHUNG HWA HIGH SCHOOL MUAR 一楼中文小说区 1st Floor Chinese Fiction Area 2026-02-06 205.40 月老营业中 3:宿命之绊 857.7 7660.9 v.03 050027 410.80 Books

Powered by Koha